| 000 | 00676nam a22002057a 4500 | ||
|---|---|---|---|
| 003 | OSt | ||
| 005 | 20260513070513.0 | ||
| 008 | 260130b |||||||| |||| 00| 0 eng d | ||
| 020 | _a0-7495-4624-7 | ||
| 040 |
_aDWCL-Main Lib _cOC |
||
| 082 | _aGR. 902.02 On58 2007 | ||
| 110 |
_aAUTOMOBILE ASSOCIATION DEVELOPMENTS LIMITED _eCorporate Author |
||
| 245 |
_a100 cities of the world / _cAUTOMOBILE ASSOCIATION DEVELOPMENTS LIMITED |
||
| 260 |
_aHampshire : _bAA Publishing, _cc2007. |
||
| 300 |
_a 221 p. : _bill. (chiefly col) ; _c29 cm. |
||
| 504 | _a1. Includes index. | ||
| 650 | _aCities and towns - History. | ||
| 650 | _aHistory - Miscellanea. | ||
| 942 |
_2ddc _cGR _mGR. _n0 |
||
| 999 |
_c8024 _d8024 |
||